Κατάλογος Βιβλιοθηκών Mediterranean College

Quantitative Methods for Business Decisions / Third Edition (Record no. 1941)

MARC details
000 -LEADER
fixed length control field 01379cam a22002174a 4500
005 - ΗΜΕΡΟΜΗΝΙΑ ΚΑΙ ΩΡΑ ΤΕΛΕΥΤΑΙΑΣ ΕΝΗΜΕΡΩΣΗΣ
Πεδίο ελέγχου 20250605164024.0
008 - FIXED-LENGTH DATA ELEMENTS--GENERAL INFORMATION
Πεδίο ελέγχου σταθερού μήκους 250528s ||||||||||||||||||||||||d
035 ## - SYSTEM CONTROL NUMBER
System control number 16441
020 ## - ISBN
ISBN 412402408
040 ## - ΠΗΓΗ ΚΑΤΑΛΟΓΟΓΡΑΦΗΣΗΣ
Φορέας πρωτότυπης καταλογογράφησης MC Athens Campus Library
Γλώσσα καταλογογράφησης Ελληνικά, Μοντέρνα (1453-)
Modifying agency MC Athens Campus Library
Κανόνες περιγραφικής καταλογογράφησης AACR2
245 1# - ΤΙΤΛΟΣ ΚΑΙ ΔΗΛΩΣΗ ΥΠΕΥΘΥΝΟΤΗΤΑΣ
Τίτλος Quantitative Methods for Business Decisions / Third Edition
250 ## - EDITION STATEMENT
Edition statement 3rd
260 ## - PUBLICATION, DISTRIBUTION, ETC.
Name of publisher, distributor, etc. Chapman & Hall,
Date of publication, distribution, etc. 1991
300 ## - PHYSICAL DESCRIPTION
Extent 432
520 ## - SUMMARY, ETC.
Summary, etc. This book deals with the definition and solution of problems set firmly within a business context. Preface, Quantitative Information, Data Collection, Presentation of Data, Descriptive Statistics, Measures of Location, Measures of Dispersion, Index Numbers, Mathematical Methods, Mathematical Relationships, Matrices, The Use of Calculus, The Time Value of Money, Measures of Uncertainty, Probability, Discrete Probability Distributions, The Normal Distribution, Statistical Inference, Confidence Intervals, Confidence Intervals: Further Developments, Significance Testing, Non-Parametric Tests, Relating Two or More Variables, Correlation, Regression, Multiple Regression and Correlation, Time Series, Mathematical Models, Linear Programming, Networks, Modelling Stock Control and Queues, Simulation, Review and Revision, Appendixes, Index.
700 1# - ΠΡΟΣΘΕΤΗ ΑΝΑΓΡΑΦΗ--ΦΥΣΙΚΟ ΠΡΟΣΩΠΟ
Personal name Curwin Jon
9 (RLIN) 2536
700 1# - ΠΡΟΣΘΕΤΗ ΑΝΑΓΡΑΦΗ--ΦΥΣΙΚΟ ΠΡΟΣΩΠΟ
Personal name Slater Roger
9 (RLIN) 2537
942 ## - ADDED ENTRY ELEMENTS (KOHA)
Koha item type Books
Holdings
Τύπος τεκμηρίου Βιβλιοθήκη Τρέχουσα τοποθεσία Barcode Αριθμός εισαγωγής Ημερομηνία απόκτησης Ταξιθετικό σύμβολο Αριθμός αντιτύπου Κατάσταση απόσυρσης Κατάσταση χαμένου Κατάσταση κατεστραμμένου Μη δανεισμός Σύνολο δανεισμών Ημερομηνία τελευταίας εμφάνισης Η τιμή ισχύει από
Books MC Athens Campus Library MC Athens Campus Library 9780000019400 4145 05/06/2025 658.4/03 CUR 2           05/06/2025 05/06/2025

MC Athens Campus Library
Πατησίων 94 & Κοδριγκτώνος 13, 104 34
Πελλήνης 8 & Πατησίων 107, 112 51
Τ: +30 210 8899600

MC Thessaloniki Campus Library
Ίωνος Δραγούμη 21, 54625 | Ίωνος Δραγούμη 15, 54625
Τ: +30 2310 287779 – Τ: +30 2314 440300